000 00413nam a22001577a 4500
005 20131128125759.0
008 131128b2013 ck ||||| |||| 00| 0 spa d
041 _aspa
044 _ack
090 _aLB
_b05804
110 _aMinisterio de Ambiente
_93077
245 _aAudiencia pública de rendición de cuentas 2012-2013
260 _as.l.
_bMinAmbiente
_c2013
300 _a17 min.,
_c13 cm
942 _2z
_cCD-ROM
999 _c7955
_d7955